书目信息 |
| 题名: |
寿山石玩家必备手册
|
|
| 作者: | 包章泰 著 | |
| 分册: | ||
| 出版信息: | 北京 中国书店 2015.05 |
|
| 页数: | 232页 | |
| 开本: | 27cm | |
| 丛书名: | 热门收藏·系列 | |
| 单 册: | ||
| 中图分类: | F724.787-62 , TS933.21-62 , F724.78 | |
| 科图分类: | ||
| 主题词: | 寿山石--shou shan shi--投资--中国--手册 , 寿山石--shou shan shi--鉴赏--中国--手册 , 寿山石--shou shan shi--收藏--中国--手册 | |
| 电子资源: | ||
| ISBN: | 978-7-5149-1205-0 | |
| 000 | 01036nam 2200289 450 | |
| 001 | 2363386500 | |
| 005 | 20231122173646.83 | |
| 010 | @a978-7-5149-1205-0@dCNY88.00 | |
| 100 | @a20151031d2015 em y0chiy50 ea | |
| 101 | 0 | @achi |
| 102 | @aCN@b110000 | |
| 105 | @aa z 000yy | |
| 200 | 1 | @a寿山石玩家必备手册@Ashou shan shi wan jia bi bei shou ce@f包章泰著 |
| 210 | @a北京@c中国书店@d2015.05 | |
| 215 | @a232页@c彩图@d27cm | |
| 225 | 2 | @a热门收藏·系列@Are men shou cang ·xi lie@v7 |
| 330 | @a本书分别对有利于山石的历史文化、品种分类、投资升值、艺术鉴赏、真伪鉴别、收藏保养等几个方面重点介绍, 以期展现一个瑰丽斑斓的名石异宝世界。 | |
| 410 | 0 | @12001 @a热门收藏·系列@v7 |
| 606 | 0 | @a寿山石@Ashou shan shi@x投资@y中国@j手册 |
| 606 | 0 | @a寿山石@Ashou shan shi@x鉴赏@y中国@j手册 |
| 606 | 0 | @a寿山石@Ashou shan shi@x收藏@y中国@j手册 |
| 690 | @aF724.787-62@v5 | |
| 690 | @aTS933.21-62@v5 | |
| 690 | @aF724.78@v4 | |
| 701 | 0 | @a包章泰@Abao zhang tai@4著 |
| 801 | 0 | @aCN@b人天书店@c20151031 |
| 905 | @aZUCC@dF724.78@e2 | |
| 寿山石玩家必备手册/包章泰著.-北京:中国书店,2015.05 |
| 232页:彩图;27cm.-(热门收藏·系列;7) |
| ISBN 978-7-5149-1205-0:CNY88.00 |
| 本书分别对有利于山石的历史文化、品种分类、投资升值、艺术鉴赏、真伪鉴别、收藏保养等几个方面重点介绍, 以期展现一个瑰丽斑斓的名石异宝世界。 |
| ● |
| 相关链接 |
|
|
|
正题名:寿山石玩家必备手册
索取号:F724.78/2
 
预约/预借
| 序号 | 登录号 | 条形码 | 馆藏地/架位号 | 状态 | 备注 |
| 1 | 2001066398 | 2001066398 | 东辅楼二楼书库/ [索取号:F724.78/2] | 在馆 | |
| 2 | 2001066399 | 2001066399 | 东辅楼二楼书库/ [索取号:F724.78/2] | 在馆 | |
| 3 | 2001066400 | 2001066400 | 东辅楼二楼书库/ [索取号:F724.78/2] | 在馆 | |
| 4 | 2001066401 | 2001066401 | 东辅楼二楼书库/ [索取号:F724.78/2] | 在馆 | |
| 5 | 2001066402 | 2001066402 | 东辅楼二楼书库/ [索取号:F724.78/2] | 在馆 | |
| 6 | 2001066403 | 2001066403 | 东辅楼二楼书库/ [索取号:F724.78/2] | 在馆 | |
| 7 | 2001066404 | 2001066404 | 东辅楼二楼书库/ [索取号:F724.78/2] | 在馆 | |
| 8 | 2001066405 | 2001066405 | 东辅楼二楼书库/ [索取号:F724.78/2] | 在馆 | |
| 9 | 2001066406 | 2001066406 | 东辅楼二楼书库/ [索取号:F724.78/2] | 在馆 | |
| 10 | 2001066407 | 2001066407 | 东辅楼二楼书库/ [索取号:F724.78/2] | 在馆 | |
| 11 | 2001066408 | 2001066408 | 东辅楼二楼书库/ [索取号:F724.78/2] | 在馆 | |
| 12 | 2001066409 | 2001066409 | 东辅楼二楼书库/ [索取号:F724.78/2] | 在馆 | |
| 13 | 2001066410 | 2001066410 | 东辅楼二楼书库/ [索取号:F724.78/2] | 在馆 | |
| 14 | 2001066411 | 2001066411 | 东辅楼二楼书库/ [索取号:F724.78/2] | 在馆 | |
| 15 | 2001066412 | 2001066412 | 东辅楼二楼书库/ [索取号:F724.78/2] | 在馆 | |
| 16 | 2001066413 | 2001066413 | 东辅楼二楼书库/ [索取号:F724.78/2] | 在馆 | |
| 17 | 2001066414 | 2001066414 | 东辅楼二楼书库/ [索取号:F724.78/2] | 在馆 | |
| 18 | 2001066415 | 2001066415 | 东辅楼二楼书库/ [索取号:F724.78/2] | 在馆 | |
| 19 | 2001066416 | 2001066416 | 东辅楼二楼书库/ [索取号:F724.78/2] | 在馆 | |
| 20 | 2001066417 | 2001066417 | 东辅楼二楼书库/ [索取号:F724.78/2] | 在馆 | |
| 21 | 2001066418 | 2001066418 | 东辅楼二楼书库/ [索取号:F724.78/2] | 在馆 | |
| 22 | 2001066419 | 2001066419 | 东辅楼二楼书库/ [索取号:F724.78/2] | 在馆 | |
| 23 | 2001066420 | 2001066420 | 东辅楼二楼书库/ [索取号:F724.78/2] | 在馆 | |
| 24 | 2001066421 | 2001066421 | 东辅楼二楼书库/ [索取号:F724.78/2] | 在馆 | |
| 25 | 2001066422 | 2001066422 | 东辅楼二楼书库/ [索取号:F724.78/2] | 在馆 | |
| 26 | 2001066423 | 2001066423 | 东辅楼二楼书库/ [索取号:F724.78/2] | 在馆 | |
| 27 | 2001066424 | 2001066424 | 东辅楼二楼书库/ [索取号:F724.78/2] | 在馆 | |
| 28 | 2001066425 | 2001066425 | 东辅楼二楼书库/ [索取号:F724.78/2] | 在馆 | |
| 29 | 2001066426 | 2001066426 | 东辅楼二楼书库/ [索取号:F724.78/2] | 在馆 | |
| 30 | 2001066427 | 2001066427 | 东辅楼二楼书库/ [索取号:F724.78/2] | 在馆 |